000 01184nam1a22002531 4500
001 rc\2848983
005 20220919190142.0
035 _a(NLR Aleph) 007203138
090 _a7643386
_c7643386
100 _a20110704d1930 |||y0rusy50 ca
101 0 _arus
102 _aRU
105 _ay z |||||
200 1 _aИнструкция по организации текущего ремонта
_eКонспект лекций, читанных на Курсах рационализации. № 1-
_fА. Попов
_gЛенингр. обл. сов. нар. хоз. Ленингр. ин-т повышения квалификации адм. и инж.-техн. персонала
210 _aЛенинград
_cГос. техн. изд-во
_d1930
_gгос. тип. изд-ва "Ленингр. правда"
215 _d25×18 см
700 1 _aПопов
_bА. Г.
_f1879-
_gАлександр Гаврилович
712 0 2 _aВечерние курсы по рационализации
_cЛенинград
_3RU\NLR\AUTH\880570744
_4570
801 0 _aRU
_bNLR
_gpsbo
801 1 _aRU
_bELAR
_2rusmarc
852 _aNLR
_j30-19/372
942 _cBOOK
980 _aNB